Les 100 Meilleurs Footballeurs Masculins de 2025 - Statistiques

Statistiques générales
  • Ce quiz a été pris 1 198 fois
  • Le résultat moyen est 67 sur 100
Statistiques - réponses
# Club Joueur % Correct
4. Real Madrid Kylian Mbappé
99%
1. Paris Saint-Germain Ousmane Dembélé
99%
7. Paris Saint-Germain Achraf Hakimi
98%
2. Barcelona Lamine Yamal
98%
6. Manchester City Erling Haaland
97%
5. Bayern Munich Harry Kane
97%
9. Liverpool Mohamed Salah
96%
3. Paris Saint-Germain Vitinha
95%
96. Tottenham Micky van de Ven
94%
11. Paris Saint-Germain Nuno Mendes
93%
10. Barcelona Pedri
93%
12. Chelsea Cole Palmer
92%
16. Paris Saint-Germain Désiré Doué
91%
17. Paris Saint-Germain João Neves
91%
18. Real Madrid Jude Bellingham
91%
34. Inter Miami Lionel Messi
91%
8. Barcelona Raphinha
91%
51. Al-Nassr Cristiano Ronaldo
90%
13. Manchester City Gianluigi Donnarumma
90%
20. Inter Lautaro Martínez
89%
24. Barcelona Robert Lewandowski
89%
21. Bayern Munich Michael Olise
88%
78. Aston Villa Emiliano Martínez
87%
27. Paris Saint-Germain Fabián Ruiz
87%
30. Real Madrid Thibaut Courtois
86%
26. Arsenal Bukayo Saka
85%
23. Liverpool Virgil van Dijk
84%
33. Arsenal William Saliba
84%
22. Real Madrid Vinícius Júnior
83%
44. Paris Saint-Germain Willian Pacho
83%
53. Paris Saint-Germain Bradley Barcola
81%
15. Arsenal Declan Rice
81%
37. Real Madrid Federico Valverde
81%
28. Arsenal Viktor Gyökeres
81%
25. Atlético Madrid Julián Álvarez
80%
31. Bayern Munich Luis Díaz
80%
42. Paris Saint-Germain Marquinhos
79%
19. Napoli Scott McTominay
78%
14. Paris Saint-Germain Khvicha Kvaratskhelia
77%
45. Arsenal Martin Ødegaard
77%
100. Atlético Madrid Antoine Griezmann
74%
46. Galatasaray Victor Osimhen
74%
36. Liverpool Florian Wirtz
73%
73. Napoli Kevin De Bruyne
73%
55. Manchester United Bruno Fernandes
72%
80. Barcelona Jules Koundé
72%
39. Borussia Dortmund Serhou Guirassy
72%
35. Liverpool Alexis Mac Allister
71%
48. Liverpool Alexander Isak
70%
60. Barcelona Frenkie de Jong
70%
65. Inter Marcus Thuram
70%
71. Real Madrid Arda Güler
69%
50. Bayern Munich Joshua Kimmich
69%
32. Chelsea Moisés Caicedo
68%
47. Chelsea Enzo Fernández
66%
57. Athletic Bilbao Nico Williams
65%
74. Manchester City Rodri
64%
64. Inter Yann Sommer
63%
40. Inter Denzel Dumfries
62%
67. Liverpool Hugo Ekitiké
62%
95. Marseille Mason Greenwood
62%
72. Manchester City Bernardo Silva
61%
38. Liverpool Dominik Szoboszlai
61%
75. Manchester City Jérémy Doku
61%
61. Manchester City Phil Foden
60%
49. Liverpool Alisson
58%
62. Inter Nicolò Barella
58%
84. Manchester City Rúben Dias
58%
93. Manchester City Josko Gvardiol
55%
91. Milan Rafael Leão
55%
89. Juventus Kenan Yildiz
54%
54. Inter Alessandro Bastoni
53%
52. Inter Hakan Çalhanoğlu
53%
77. Manchester United Bryan Mbeumo
52%
58. Arsenal David Raya
52%
43. Bayern Munich Jamal Musiala
52%
94. Bayern Munich Manuel Neuer
52%
63. Chelsea Marc Cucurella
51%
41. Liverpool Ryan Gravenberch
49%
85. Bayer Leverkusen Álex Grimaldo
48%
98. Real Madrid Trent Alexander-Arnold
48%
68. Barcelona Pau Cubarsí
47%
86. Como Nico Paz
46%
99. Inter Federico Dimarco
44%
76. Chelsea João Pedro
44%
90. Arsenal Mikel Merino
44%
97. Real Betis Antony
43%
59. Chelsea Estêvão
41%
70. Arsenal Martín Zubimendi
41%
69. Newcastle Bruno Guimarães
40%
83. Napoli André-Frank Zambo Anguissa
38%
82. Newcastle Nick Woltemade
38%
88. Manchester City Antoine Semenyo
37%
81. Real Sociedad Mikel Oyarzabal
36%
79. Manchester City Tijjani Reijnders
30%
66. Barcelona Fermín López
27%
29. Arsenal Gabriel Magalhães
27%
92. Real Madrid Dean Huijsen
25%
56. Arsenal Eberechi Eze
20%
87. Flamengo Giorgian de Arrascaeta
7%
Aucun quiz correspondant
Distribution des résultats
% des personnes avec chaque résultat
Percentile par nombre de réponses
Votre historique - résultats
Vous n’avez pas pris ce quiz